| 000 | 00873nam a22002297a 4500 | ||
|---|---|---|---|
| 999 |
_c3747 _d3747 |
||
| 003 | OSt | ||
| 005 | 20241014093936.0 | ||
| 008 | 241014b ||||| |||| 00| 0 eng d | ||
| 020 | _a9781444969429 | ||
| 040 | _cKH8 | ||
| 082 | _aFIC MED | ||
| 100 |
_aMeddings, Lize, _eauthor. |
||
| 245 |
_aThe Sad Ghost Club 3 / _cLize Meddings. |
||
| 260 |
_aLondon ; _bHodder Children's Book, _c2023. |
||
| 300 |
_a228 pages : _billustrations ; _c24 cm. |
||
| 440 | _aThe Sad Ghost | ||
| 520 | _ahen one sad ghost, alone at a crowded party, spies another sad ghost across the room, what happens next changes everything. Because that night, they leave the party and start the The Sad Ghost Club - a secret society for the anxious and alone, a club for people who think they don't belong. | ||
| 650 | _a Anxiety | ||
| 650 | _aGhost comics | ||
| 650 | _aLoneliness | ||
| 942 |
_2ddc _cGN |
||